LEADER 00961nam0-22003131i-450- 001 990006991890403321 005 20011109 035 $a000699189 035 $aFED01000699189 035 $a(Aleph)000699189FED01 035 $a000699189 100 $a20011109d1964----km-y0itay50------ba 101 0 $aita 102 $aIT 105 $af-------001yy 200 1 $aPrecetti e canoni giuridico morali per arabi cristiani$h1.$iIl manoscritto ambrosiano e la versione italiana$fGiovanni Galbiati, Sergio Noja 210 $aMilano$cHoepli$d1964 215 $a85 p$ctav.$d28 cm 225 1 $aFontes Ambrosiani$v38 676 $a262.9$v20$zita 700 1$aGalbiati,$bGiovanni$f<1881-1966>$0182128 702 1$aNoja,$bSergio 801 0$aIT$bUNINA$gRICA$2UNIMARC 901 $aBK 912 $a990006991890403321 952 $aIII Z 169$b75561$fFGBC 959 $aFGBC 996 $aPrecetti e canoni giuridico morali per arabi cristiani$9698533 997 $aUNINA LEADER 01119nam--2200385---450- 001 990002696050203316 005 20080926101738.0 035 $a000269605 035 $aUSA01000269605 035 $a(ALEPH)000269605USA01 035 $a000269605 100 $a20051220d1970----km-y0itay0103----ba 101 $aita 102 $aIT 105 $aa|||||||001yy 200 1 $aCiviltà degli arabi$fFrancesco Castro 210 $aTorino$cLoescher$d1970 215 $av.$cill.$d24 cm. 225 2 $aEnciclopedia Monografica Loescher$iLa Ricerca$v51 327 1 $a : Da Maometto all'impero islamico. - 67 p. 410 0$12001$aEnciclopedia Monografica Loescher$iLa Ricerca$v51 454 1$12001 461 1$1001-------$12001 606 0 $aArabi$xStoria 676 $a953 700 1$aCASTRO,$bFrancesco$0243087 801 0$aIT$bsalbc$gISBD 912 $a990002696050203316 951 $aFC M 1914$bDLM$cFC M 959 $aBK 969 $aDILAM 979 $aDILAM$b90$c20051220$lUSA01$h1719 979 $aDILAM$b90$c20080926$lUSA01$h1017 996 $aCivilta degli arabi$9651731 997 $aUNISA